DBFZ Characters - Statistics

General Stats
  • This quiz has been taken 13 times
  • The average score is 25 of 44
Answer Stats
Hint Answer % Correct
Season 1 Frieza
83%
Season 1 DLC Goku
83%
Season 1 Teen Gohan
83%
Season 1 DLC Vegeta
83%
Season 1 Adult Gohan
67%
Season 1 DLC Android 17
67%
Season 1 Android 18
67%
Story Mode Android 21
67%
Season 1 Cell
67%
Season 1 Super Saiyan Goku
67%
Season 1 Ginyu
67%
Season 2 GT Goku
67%
Season 1 Hit
67%
Season 3 Kefla
67%
Season 3 Master Roshi
67%
Season 1 Piccolo
67%
Season 1 Tien
67%
Season 2 Videl
67%
Season 1 Yamcha
67%
Season 1 Android 16
50%
Season 4 Android 21 Lab Coat
50%
Season 1DLC Bardock
50%
Season 1 Beerus
50%
Season 1 DLC Broly
50%
Season 2 DBS Broly
50%
Season 1 Goku Black
50%
Season 2 Janemba
50%
Season 1 Kid Buu
50%
Season 1 Krillin
50%
Season 1 Majin Buu
50%
Season 1 Nappa
50%
Story Mode Super Saiyan Blue Goku
50%
Story Mode Super Saiyan Blue Vegeta
50%
Season 1 Super Saiyan Vegeta
50%
Season 3 UI Goku
50%
Season 1 DLC Vegito
50%
Season 1 DLC Zamasu
50%
Season 1 DLC Cooler
33%
Season 2 Gogeta Blue
33%
Season 1 Gotenks
33%
Season 2 Jiren
33%
Season 3 Super Baby 2
33%
Season 1 Trunks
33%
Season 4 SS4 Gogeta
17%
No matching quizzes found
Score Distribution
Percent of People with Each Score
Percentile by Number Answered
Your Score History
You have not taken this quiz